Aventuriers de Koh-Lanta avec les plus de victoires - Statistiques

Statistiques générales
  • Ce quiz a été pris 1 514 fois
    509 depuis la dernière actualisation
  • Le résultat moyen est 21 sur 50
Statistiques - réponses
Victoires Aventurier Nombre d'épreuves disputées Saison(s) % Correct
1 22 Claude 54 Saison 10, La Revanche des Héros, L'Île des Héros et La Légende
98%
2 17 Teheiura 47 Saison 11, La Revanche des Héros, La Nouvelle Édition, L'Île des Héros et La Légende
88%
10 7 Clémence 32 Saison 5, Le Retour des Héros, Le Combat des Héros et La Légende
78%
6 8 Ugo 27 Saison 12 et La Légende
77%
11 7 Laurent 39 Saison 11, La Nouvelle Édition et La Légende
76%
25 5 Freddy 21 Saison 9, Le Choc des Héros, La Revanche des Héros, La Nouvelle Édition et La Légende
72%
7 8 Phil 39 Saison 12, La Nouvelle Édition et La Légende
71%
3 10 Jade 40 Saison 7, Le Retour des Héros et La Légende
66%
43 4 Moussa 26 Saison 3, La Revanche des Héros et L'Île des Héros
63%
4 9 Martin 23 Saison 11 et La Nouvelle Édition
57%
13 6 Grégoire 18 Saison 7 et Le Choc des Héros
56%
12 6 Maxime 17 Saison 20 et La Légende
56%
9 7 Pascal 21 Saison 15 et Le Combat des Héros
56%
15 6 Loïc 23 Saison 21 et La Légende
55%
24 5 Jessica 20 Saison 14 et L'Île des Héros
53%
14 6 Philippe 20 Saison 10 et La Nouvelle Édition
53%
26 5 Candice 22 Saison 16, Le Combat des Héros et La Légende
51%
22 5 Frédéric 16 Saison 8
51%
5 9 Bertrand 28 Saison 8 et La Revanche des Héros
48%
44 4 Coumba 30 Saison 5, Le Choc des Héros, La Revanche des Héros et La Légende
47%
38 4 Marc 15 Saison 14
47%
16 5 Nicolas 11 Saison 15
43%
41 4 Benoît 16 Saison 16
41%
21 5 François 15 Saison 23
41%
20 5 Naoil 13 L'Île des héros
41%
49 3 Karima 10 Saison 15 et La Légende
39%
8 7 Christina 18 Saison 9, Le Choc des Héros et La Nouvelle Édition
38%
33 4 Mohamed 12 Saison 5 et Le Choc des Héros
38%
40 4 Chantal 15 Saison 14 et Le Combat des Héros
34%
19 5 Gilles 13 Saison 1
32%
28 4 Gilles 7 Saison 24
32%
17 5 Sébastien 13 Saison 17
32%
23 5 François-David 18 Saison 6 et Le Retour des Héros
31%
18 5 Lola 13 Saison 21
29%
27 5 Romuald 23 Saison 4 et Le Retour des Héros
27%
37 4 André 15 Saison 18
25%
39 4 Bastien 15 Saison 23
25%
29 4 Jean 8 Saison 25
25%
35 4 Maxine 13 Saison 22
23%
30 4 Myriam 9 Le Choc des Héros
19%
48 3 Raphaële 9 Saison 9 et Le Combat des Héros
19%
46 3 Alban 9 Saison 4
17%
42 4 Nathalie 23 Saison 8 et Le Combat des Héros
17%
32 4 Claire 10 Saison 17
16%
31 4 Louana 9 Saison 23
14%
34 4 Magalie 13 Saison 18
14%
45 3 Hélène 7 Saison 3
12%
47 3 William 9 Saison 1
12%
36 4 Steeve 15 Saison 20
9%
50 3 Amélie 11 Saison 4
7%
Aucun quiz correspondant
Distribution des résultats
% des personnes avec chaque résultat
Percentile par nombre de réponses
Votre historique - résultats
Vous n’avez pas pris ce quiz depuis la dernière actualisation